<?xml version="1.0" encoding="UTF-8"?>
<record
    xmlns:xsi="http://www.w3.org/2001/XMLSchema-instance"
    xsi:schemaLocation="http://www.loc.gov/MARC21/slim http://www.loc.gov/standards/marcxml/schema/MARC21slim.xsd"
    xmlns="http://www.loc.gov/MARC21/slim">

  <leader>00576nam a22001577a 4500</leader>
  <controlfield tag="005">20170830102144.0</controlfield>
  <controlfield tag="008">170830b        xxu||||| |||| 00| 0 eng d</controlfield>
  <datafield tag="020" ind1=" " ind2=" ">
    <subfield code="a">9789695342916</subfield>
  </datafield>
  <datafield tag="040" ind1=" " ind2=" ">
    <subfield code="c">PK-LaUMT</subfield>
  </datafield>
  <datafield tag="082" ind1=" " ind2=" ">
    <subfield code="a">291</subfield>
    <subfield code="b">MAN-A</subfield>
  </datafield>
  <datafield tag="100" ind1=" " ind2=" ">
    <subfield code="a">Manzoor Ahmad Bhutta = &#x645;&#x646;&#x638;&#x648;&#x631; &#x627;&#x62D;&#x645;&#x62F; &#x628;&#x6BE;&#x679;&#x6C1;</subfield>
  </datafield>
  <datafield tag="245" ind1=" " ind2=" ">
    <subfield code="a">Adyan-e-aalam : &#x627;&#x62F;&#x6CC;&#x627;&#x646; &#x639;&#x627;&#x644;&#x645; /</subfield>
    <subfield code="b">aqaid-o-nazaryat ka taqabli jaizah =  &#x639;&#x642;&#x627;&#x626;&#x62F;&#x648;&#x646;&#x638;&#x631;&#x6CC;&#x627;&#x62A; &#x6A9;&#x627; &#x62A;&#x642;&#x627;&#x628;&#x644;&#x6CC; &#x62C;&#x627;&#x626;&#x632;&#x6C1; /</subfield>
    <subfield code="c">Manzoor Ahmad Bhutta = &#x645;&#x646;&#x638;&#x648;&#x631; &#x627;&#x62D;&#x645;&#x62F; &#x628;&#x6BE;&#x679;&#x6C1;</subfield>
  </datafield>
  <datafield tag="260" ind1=" " ind2=" ">
    <subfield code="a">Multan :</subfield>
    <subfield code="b">Beacon Books,</subfield>
    <subfield code="c">2015</subfield>
  </datafield>
  <datafield tag="300" ind1=" " ind2=" ">
    <subfield code="a">96 p.</subfield>
  </datafield>
  <datafield tag="942" ind1=" " ind2=" ">
    <subfield code="c">BK</subfield>
  </datafield>
  <datafield tag="999" ind1=" " ind2=" ">
    <subfield code="c">97755</subfield>
    <subfield code="d">97755</subfield>
  </datafield>
  <datafield tag="952" ind1=" " ind2=" ">
    <subfield code="0">0</subfield>
    <subfield code="1">0</subfield>
    <subfield code="4">0</subfield>
    <subfield code="7">0</subfield>
    <subfield code="a">01</subfield>
    <subfield code="b">01</subfield>
    <subfield code="d">2017-08-30</subfield>
    <subfield code="l">4</subfield>
    <subfield code="o">291 MAN-A</subfield>
    <subfield code="p">113288</subfield>
    <subfield code="r">2024-01-30 00:00:00</subfield>
    <subfield code="s">2024-01-29</subfield>
    <subfield code="w">2017-08-30</subfield>
    <subfield code="y">BK</subfield>
  </datafield>
</record>
